000 00549nam a2200217 a 4500
001 0001-1967
003 ELIB.Books
008 190122 2010 eng
020 _aKBTS
092 _a268.434 Ale
_bAle
100 _aAleshire, Daniel O.
245 _aUnderstanding Today's Youth
260 _aNashville
_bConvention Press
_c1982
300 _a160
_c20.6 cm
650 _aYouth
856 _nKBTS Library
_uKBTS Elib
942 _2ddc
_cBK
990 _a2
998 _aEnglishbooks.elf
_ccat
_e2019-01-22
999 _c11967
_d11967